000 01059nab a22002417a 4500
999 _c6209
_d6209
003 OSt
005 20260125221911.0
008 190514b xxu||||| |||| 00| 0 spa d
040 _cPJ
100 _96694
_aRoldan, Cinthia Vanesa
245 1 0 _aUna queja valiosa :
_bactualización por inflación de la cuota alimentaria /
_cCinthia Vanesa Roldan.
300 _ap. 8-16
500 _aCita: TR LALEY AR/DOC/1520/2024.
505 _aSumario: I. Introducción.— II. La plataforma fáctica.— III. Análisis del dictamen.— IV. Reflexiones finales.— V. Breve cierre.
505 _tFallo comentado: CS ~ 20/02/2024 ~ G., S. M. y otro c. K., M. E. A. s/alimentos.
650 0 _9967
_aDERECHO DE FAMILIA
650 0 _9968
_aALIMENTOS
650 0 _94099
_aCUOTA ALIMENTARIA
650 0 _93790
_aACTUALIZACIÓN MONETARIA
650 0 _91057
_aJURISPRUDENCIA APLICABLE
773 0 _02844
_93222
_dBuenos Aires : AbeledoPerrot, 1989-
_tDerecho de familia. Revista Interdisciplinaria de doctrina y jurisprudencia. Agosto 2024-IV.
_z18511201
942 _2udc
_cANA